Electric machinery and transformers (Record no. 10405)

000 -LEADER
fixed length control field 00445 a2200157 4500
020 ## - INTERNATIONAL STANDARD BOOK NUMBER
International Standard Book Number 0030105927
040 ## - CATALOGING SOURCE
Original cataloging agency DLC
Language of cataloging DLC
100 10 - MAIN ENTRY--PERSONAL NAME
Personal name Guru, Bhag S.
245 10 - TITLE STATEMENT
Title Electric machinery and transformers
Statement of responsibility, etc. Guru, Bhags S.
250 ## - EDITION STATEMENT
Edition statement 2nd ed.
260 0# - PUBLICATION, DISTRIBUTION, ETC.
Place of publication, distribution, etc. Fort Worth
Name of publisher, distributor, etc. : Saunders College Pub.
Date of publication, distribution, etc. 1995.
300 ## - PHYSICAL DESCRIPTION
Extent xvi, 675 p.
Other physical details : ill.
Dimensions ; 25 cm.
650 #0 - SUBJECT ADDED ENTRY--TOPICAL TERM
Topical term or geographic name entry element Electric machinery.
700 1# - ADDED ENTRY--PERSONAL NAME
Personal name Hiziroglu, Huseyin R.
942 ## - ADDED ENTRY ELEMENTS (KOHA)
Koha item type Book
Call number prefix 621.31042 GUR
Source of classification or shelving scheme
Holdings
Withdrawn status Lost status Damaged status Not for loan Collection code Permanent Location Current Location Shelving location Date acquired Source of acquisition Cost, normal purchase price Total Checkouts Total Renewals Full call number Barcode Checked out Date last seen Date last checked out Price effective from Koha item type
          Central Library (CL) Central Library (CL) General Stacks 02/23/2011 Donation 0.00 5 1 621.31042 GUR SEECS010491 07/13/2021 03/15/2021 03/15/2021 01/05/2017 Book
© 2023 Central Library, National University of Sciences and Technology. All Rights Reserved.